| 000 | 00647nam a2200205Ia 4500 | ||
|---|---|---|---|
| 003 | GCL | ||
| 008 | 140319s9999 xx 000 0 ara d | ||
| 040 |
_aGCL / _cGCL |
||
| 082 | 0 | 4 |
_aق _b610.9 _bغ ح |
| 100 | 1 | _aغليونجى، بول | |
| 245 | 1 | 0 |
_aالحضارة الطبية فى مصر القديمة / _cغليونجى، بول |
| 700 | 1 | _aزينب الدواخلى | |
| 260 |
_aالقاهرة : _bدار المعارف ، _c1965 |
||
| 300 |
_aمتعدد ؛ _c24سم |
||
| 650 | 0 | 4 | _aالطب |
| 650 | 0 | 4 | _aالحضارة المصرية القديمة |
| 650 | 0 | 4 | _aالصور |
| 650 | 0 | 4 | _aالطب المصرى |
| 942 |
_2ddc _cBK |
||
| 999 |
_c38427 _d38427 |
||